| 000 | 01353cab a2200265 4500 | ||
|---|---|---|---|
| 001 | ABS@61468 | ||
| 008 | 040616n2004 000 0 eng u | ||
| 035 | _a(Sirsi) u126487 | ||
| 100 | _aBaker, E. | ||
| 245 | _aLessons from Lesotho: arbitrators' powers reviewed | ||
| 260 | _c2004 | ||
| 490 |
_aInternational Construction Law Review _v21(2) April 2004, 140-152(13) |
||
| 520 | _aProvides an in depth discussion on the powers of arbitrators, the currency of awards and granting of interest as outlined in "Lesotho Highlands Development Agency v Impregilo SpA" ([2003] EWCA Civ 1159, [2003] BLR 347). Explains the background to the project, the parties involved and key issues in dispute. Discusses the arbitration proceedings and the challenge to the award by L in the High Court ([2002] EWHC 2435 (Comm), [2003] BLR 98), upheld on appeal by the CA. Looks at currency and interest issues raised. References. View judgment at www.courtservice.gov.uk. | ||
| 590 | _aABS | ||
| 590 | _aABS | ||
| 650 | _aLESOTHO HIGHLANDS DEVELOPMENT AGENCY V IMPREGILO SPA | ||
| 650 | _aARBITRATION ACT 1996 | ||
| 650 | _aCURRENCIES | ||
| 650 | _aINTEREST | ||
| 650 | _aENGLISH LAW | ||
| 650 | _aFIDIC RED BOOK | ||
| 650 | _aICC RULES | ||
| 690 | _aMANGEMENT-DISPUTE AVOIDANCE, MANAGEMENT AND RESOLUTION-DISPUTE MANAGEMENT AND RESOLUTION | ||
| 942 | _n0 | ||
| 999 |
_c74425 _d74425 |
||